| 000 | 00349 a2200145 4500 | ||
|---|---|---|---|
| 005 | 20250628084315.0 | ||
| 020 | _a0-340-81110-2 | ||
| 082 | _a650 MAR | ||
| 100 | _aGillESPIE,A | ||
| 245 | _aBusiness Studies | ||
| 250 | _a2nd Ed. | ||
| 260 |
_aLondon _bHodder&stoughton _c2003 |
||
| 300 |
_a646p.;ills tables,figures _bIndex _c27cm. |
||
| 942 |
_2ddc _cBKS |
||
| 999 |
_c5907 _d5907 |
||